000 00407nam a2200145 a 4500
001 000043098
005 20201002040633.0
008 140218s2009 xxkc 001 0 spa d
020 _a9781906626730
040 _aDO-SdBNP
_bspa
_cBNPHU
245 0 0 _aMilitary Aircraft. :
_bvisual encyclopedia.
260 _aLondon, :
_bAmber Books,
_c2009.
300 _a448 p. :
_bretrs. ;
_c29 cm.
500 _aIncluye índice
999 _c42587
_d42587